Environmental science : (Record no. 16527)

000 -LEADER
fixed length control field 01560cam a2200361 i 4500
001 - CONTROL NUMBER
control field 16526663
005 - DATE AND TIME OF LATEST TRANSACTION
control field 20190227020035.0
008 - FIXED-LENGTH DATA ELEMENTS--GENERAL INFORMATION
fixed length control field 101101s2012 nyuab b 001 0 eng d
010 ## - LIBRARY OF CONGRESS CONTROL NUMBER
LC control number 2010940423
020 ## - INTERNATIONAL STANDARD BOOK NUMBER
International Standard Book Number 9781429283311 (looseleaf)
020 ## - INTERNATIONAL STANDARD BOOK NUMBER
International Standard Book Number 1429283319 (looseleaf)
020 ## - INTERNATIONAL STANDARD BOOK NUMBER
International Standard Book Number 9781429240291 (pbk.)
020 ## - INTERNATIONAL STANDARD BOOK NUMBER
International Standard Book Number 1429240296 (pbk.)
035 ## - SYSTEM CONTROL NUMBER
System control number (OCoLC)ocn704377404
040 ## - CATALOGING SOURCE
Original cataloging agency BTCTA
Language of cataloging eng
Transcribing agency BTCTA
Description conventions rda
Modifying agency ORX
-- VPI
-- DLC
042 ## - AUTHENTICATION CODE
Authentication code lccopycat
050 00 - LIBRARY OF CONGRESS CALL NUMBER
Classification number GE105
Item number .F75 2012
082 04 - DEWEY DECIMAL CLASSIFICATION NUMBER
Classification number 363.7
Edition number 23
100 1# - MAIN ENTRY--PERSONAL NAME
Personal name Friedland, Andrew J.,
Dates associated with a name 1959-
245 10 - TITLE STATEMENT
Title Environmental science :
Remainder of title foundations and applications /
Statement of responsibility, etc. Andrew Friedland, Rick Relyea, David Courard-Hauri, (with Ross Jones and Susan Weisberg).
300 ## - PHYSICAL DESCRIPTION
Extent 1 v. (various pagings) :
Other physical details illustrations ;
Dimensions 28 cm
504 ## - BIBLIOGRAPHY, ETC. NOTE
Bibliography, etc Includes bibliographical references and index.
650 #0 - SUBJECT ADDED ENTRY--TOPICAL TERM
Topical term or geographic name as entry element Environmental sciences.
700 1# - ADDED ENTRY--PERSONAL NAME
Personal name Relyea, Rick.
700 1# - ADDED ENTRY--PERSONAL NAME
Personal name Courard-Hauri, David.
906 ## - LOCAL DATA ELEMENT F, LDF (RLIN)
a 7
b cbc
c copycat
d 2
e ncip
f 20
g y-gencatlg
942 ## - ADDED ENTRY ELEMENTS (KOHA)
Source of classification or shelving scheme
Koha item type Hard Covered Materials
Classification part GE105 .F75 2012
Koha issues (borrowed), all copies 4
Holdings
Withdrawn status Lost status Source of classification or shelving scheme Damaged status Not for loan Home library Current library Shelving location Date acquired Source of acquisition Total Checkouts Full call number Barcode Date last seen Date last checked out Price effective from Koha item type
          MACHAKOS UNIVERSITY LIBRARY MACHAKOS UNIVERSITY LIBRARY Open shelf 14/11/2016 Donation (BFA) 4 GE105 .F75 2012 27687 07/06/2019 26/02/2019 14/11/2016 Hard Covered Materials
© Machakos University Library, Along The Highway, Machakos Wote Rd, Machakos, Kenya P.O. Box 136 - 90100 Machakos - Kenya

Tel: ( +254 ) 723 805829 OR Fax : 044-20353 OR Email: library@mksu.ac.ke